The Moon Quiz - Statistics

General Stats
  • This quiz has been taken 719 times
  • The average score is 13 of 32
Answer Stats
Answer % Correct
Full Moon
91%
Luna
84%
New Moon
80%
tide
74%
Crescent
71%
Waxing
68%
Waning
67%
Blue Moon
60%
werewolf
60%
period
52%
Islam
51%
Gibbous
49%
Corn Moon
48%
lunatic
46%
Quarter
45%
Harvest Moon
42%
Blood Moon
36%
First
35%
Last
29%
Man in the Moon
29%
Wolf Moon
25%
Lilith
24%
Selene
22%
Hunter's Moon
15%
Snow Moon
14%
Strawberry Moon
13%
Flower Moon
12%
Egg Moon
11%
Oak Moon
10%
Beaver Moon
9%
Crow Moon
9%
Hay Moon
9%
No matching quizzes found
Score Distribution
Percent of People with Each Score
Percentile by Number Answered
Your Score History
You have not taken this quiz